The Law of Partnerships and Corporations

Bibliographic Details
Main Author: Vanduzer, J. Anthony
Format: eBook
Language:English
Published: Toronto: Irwin Law Inc., 2003
Edition:Segunda Edicin̤
Subjects:
Online Access:Acceso restringido

MARC

LEADER 00000nam a22000007a 4500
005 20210827000544.0
007 cr|||| ||||
008 210827s2003 ca |||||s|||| 00||0 eng d
020 |a 9781459313279 
035 |a 35264 
040 |a vLex 
090 |c 12151  |d 12151 
100 1 |a Vanduzer, J. Anthony 
245 1 3 |a The Law of Partnerships and Corporations  |h [Recurso electrn̤ico] /  |c J. Anthony Vanduzer 
250 |a Segunda Edicin̤ 
256 |a Servicio en ln̕ea 
260 |a Toronto:  |b Irwin Law Inc.,  |c 2003 
300 |a 1 recurso electrn̤ico 
506 1 |a Disponible solo en los productos indicados  |d vLex Global  |d vLex Global (Academic Edition, excluding Law Schools)  |d vLex Global (U.S. Academic Edition, Law Schools)  |d vLex Global (U.S. Academic Edition, excluding Law Schools)  |d vLex Global (Academic Edition, Law Schools) 
650 0 4 |a Derecho Mercantil y de la Empresa  |z Canad̀ 
740 0 |a vLex Libros (Servicio en ln̕ea) 
856 4 0 |u https://app.vlex.com/#/sources/35264  |z Acceso restringido 
942 |c BOOK 
999 0 |a Commercial and Company Law